Русский язык (Запись № 195735)

Подробности
000 -МАРКЕР
контрольное поле 02596nam0a2200397 4500
001 - ИДЕНТИФИКАТОР ЗАПИСИ
контрольное поле RU\NLR\bibl\948882
005 - ИДЕНТИФИКАТОР ВЕРСИИ
контрольное поле 20260406105621.0
010 ## - МЕЖДУНАРОДНЫЙ СТАНДАРТНЫЙ НОМЕР КНИГИ (ISBN)
Номер (ISBN) 5-358-00053-4
Тираж 3000
021 ## - НОМЕР ГОСУДАРСТВЕННОЙ РЕГИСТРАЦИИ
Код страны Российская Федерация
Номер 2006-14488
Номер Листа государственной регистраци 712
035 ## - ДРУГИЕ СИСТЕМНЫЕ НОМЕРА
Идентификатор записи (nilc)RSL-KNO-002858805
035 ## - ДРУГИЕ СИСТЕМНЫЕ НОМЕРА
Идентификатор записи (NLR Aleph) 000936998
100 ## - ДАННЫЕ ОБЩЕЙ ОБРАБОТКИ
Данные общей обработки 20060407d2006 |||y0rusy50 ca
101 0# - ЯЗЫК РЕСУРСА
Язык текста, звукозаписи и т.д. русский
102 ## - СТРАНА ПУБЛИКАЦИИ ИЛИ ПРОИЗВОДСТВА
Страна публикации Российская Федерация
105 ## - ПОЛЕ КОДИРОВАННЫХ ДАННЫХ: ТЕКСТОВЫЕ МАТЕРИАЛЫ, МОНОГРАФИЧЕСКИЕ
Кодированные данные о монографическом текстовом документе a |||||||||
106 ## - ПОЛЕ КОДИРОВАННЫХ ДАННЫХ: ТЕКСТОВЫЕ РЕСУРСЫ – ФОРМА
Форма ресурса: кодированные данные: обозначение носителя r
200 1# - ЗАГЛАВИЕ И СВЕДЕНИЯ ОБ ОТВЕТСТВЕННОСТИ
Основное заглавие Русский язык
Сведения, относящиеся к заглавию 4 класс
-- кн. для чтения
-- для шк. абхазо-адыг. яз. группы
Первые сведения об ответственности Г. Г. Городилова, Х.Х. Амшоков, С.К. Амшокова, М.Х. Шхапацева
210 ## - ПУБЛИКАЦИЯ, РАСПРОСТРАНЕНИЕ И ДР.
Место издания, распространения и т.д. Москва
Имя издателя, распространителя и т. д. Дрофа
Дата издания, распространения и т.д. 2006
Место изготовления Тверь
Имя изготовителя Тверской полиграфкомбинат детской литературы
215 ## - ФИЗИЧЕСКАЯ ХАРАКТЕРИСТИКА
Специфическое обозначение материала и объем 238, [1] с.
Другие сведения о физической характеристике ил.
Размеры 23
225 1# - СЕРИЯ
Основное заглавие серии Абхазо-адыгская языковая группа
606 1# - НАИМЕНОВАНИЕ ТЕМЫ КАК ПРЕДМЕТ
Наименование темы Русский язык
Формальный подзаголовок Хрестоматии для национальной школы
Системный номер авторитетной/нормативной записи 1533567
Идентификатор авторитетной/нормативной записи RU\NLR\auth\66969347
610 0# - НЕКОНТРОЛИРУЕМЫЕ ПРЕДМЕТНЫЕ ТЕРМИНЫ
Предметный термин Филологические науки. Художественная литература -- Языкознание -- Индоевропейские языки -- Славянские языки -- Восточнославянские языки -- Русский язык -- Преподавание и методика изучения языка -- Учебники и учебные пособия по родному языку для других народов -- Пособия для народов Российской Федерации -- Пособия для абхазо-адыгской языковой группы -- Хрестоматии для неполной средней и средней школы
686 ## - ИНДЕКСЫ ДРУГИХ КЛАССИФИКАЦИЙ
Индекс Ш141.2-962абх.-адыг.422
Код системы
686 ## - ИНДЕКСЫ ДРУГИХ КЛАССИФИКАЦИЙ
Индекс Ш141.12-93абх/адыг21[3]хрест
701 #1 - ИМЯ ЛИЦА - АЛЬТЕРНАТИВНАЯ ОТВЕТСТВЕННОСТЬ
Код отношения Автор
Материалы, к которым относится поле rus
Графика поля Кириллица
Начальный элемент ввода Городилова
Часть имени, кроме начального элемента ввода Г. Г.
Даты 1922-2013
Расширение инициалов личного имени Галина Георгиевна
Идентификатор авторитетной/нормативной записи RU\NLR\AUTH\77102420
Системный номер авторитетной/нормативной записи 85346
701 #1 - ИМЯ ЛИЦА - АЛЬТЕРНАТИВНАЯ ОТВЕТСТВЕННОСТЬ
Код отношения Автор
Материалы, к которым относится поле rus
Графика поля Кириллица
Начальный элемент ввода Амшоков
Часть имени, кроме начального элемента ввода Х. Х.
Расширение инициалов личного имени Хасанби Хажбеталович
Идентификатор авторитетной/нормативной записи RU\NLR\auth\77104550
Системный номер авторитетной/нормативной записи 87475
701 #1 - ИМЯ ЛИЦА - АЛЬТЕРНАТИВНАЯ ОТВЕТСТВЕННОСТЬ
Код отношения Автор
Материалы, к которым относится поле rus
Графика поля Кириллица
Начальный элемент ввода Амшокова
Часть имени, кроме начального элемента ввода С. К.
Расширение инициалов личного имени Светлана Каншобиевна
Идентификатор авторитетной/нормативной записи RU\NLR\auth\77104552
Системный номер авторитетной/нормативной записи 87477
701 #1 - ИМЯ ЛИЦА - АЛЬТЕРНАТИВНАЯ ОТВЕТСТВЕННОСТЬ
Начальный элемент ввода Шхапацева
Часть имени, кроме начального элемента ввода М. Х.
Расширение инициалов личного имени Мина Хаджибиевна
Код отношения Автор
801 #0 - ИСТОЧНИК ЗАПИСИ
Страна Российская Федерация
Организация РКП
Дата составления 20060407
Правила каталогизации rcr
801 #1 - ИСТОЧНИК ЗАПИСИ
Страна Российская Федерация
Организация РГБ
Дата составления 20060407
801 #2 - ИСТОЧНИК ЗАПИСИ
Страна Российская Федерация
Организация NLR
Дата составления 20060515
Правила каталогизации rcr
830 ## - ОБЩЕЕ ПРИМЕЧАНИЕ, СОСТАВЛЕННОЕ КАТАЛОГИЗАТОРОМ
Текст примечания авт. по кн.
942 ## - ДОПОЛНИТЕЛЬНЫЕ ЭЛЕМЕНТЫ ЗАПИСИ (АБИС)
Тип экземпляра АБИС Книга
980 ## - КОЛЛЕКЦИЯ
Название коллекции Национальная библиография
Экземпляры
Тип экземпляра Дата поступления Источник поступления Библиотека постоянного хранения Библиотека текущего хранения Место хранения Шифр хранения Штрих-код Статус экземпляра
Книга 15.05.2006 Обязательный экземпляр РНБ (Московский) РНБ (Московский) Русский книжный фонд: издания с 1957 года 2006-5/3716 2193165  
Книга 15.05.2006 Обязательный экземпляр РНБ (Московский) РНБ (Московский) Обменный фонд   2193166